| 000 | 00710cam a22002413a 4500 | ||
|---|---|---|---|
| 001 | 18633 | ||
| 003 | PGUSA | ||
| 005 | 20140828083409.0 | ||
| 008 | 060620s2006||||xxu|||||s|||||000 1 eng d | ||
| 040 |
_aPGUSA _beng |
||
| 042 | _adc | ||
| 050 | 4 | _aPS | |
| 100 | 1 |
_aParrish, Randall, _d1858-1923 |
|
| 245 | 1 | 0 |
_aMy Lady of Doubt _h[electronic resource] / _cRandall Parrish |
| 260 |
_bProject Gutenberg, _c2006 |
||
| 506 | _aPublic domain in the USA. | ||
| 516 | _aElectronic text | ||
| 653 | _aUnited States -- History -- Revolution, 1775-1783 -- Fiction | ||
| 700 | 1 |
_aKimball, Alonzo, _d1874-1923 |
|
| 830 | 0 |
_aProject Gutenberg _v18633 |
|
| 856 | 4 | 0 | _uhttp://www.gutenberg.org/ebooks/18633 |
| 942 | _cEB | ||
| 999 |
_c247888 _d247888 |
||